Statistiken für Lyrics raten #28

Klicken Sie hier um das Quiz zu spielen!

Allgemein

  • Dieses Quiz wurde 117 mal gespielt
  • Das Durchschnittsergebnis liegt bei 140 aus 338

Antwortstatistiken

Antwort% Korrekt
ich
95%
Ich
95%
du,
93%
Du
93%
du
93%
da
82%
wir
78%
das
77%
das,
77%
du's
77%
sie
77%
bin
76%
es
74%
und
73%
Und
73%
bist
72%
bist,
72%
der
70%
die
70%
liebe,
60%
Liebe
60%
ein
59%
dass
57%
was
57%
mich
56%
dich
55%
mir
54%
ist
51%
dein
50%
für
50%
dir
49%
Eine
47%
im
46%
nicht
46%
wär
46%
all
45%
wenn
45%
Wenn
45%
meine
44%
Meine
44%
in
43%
ja,
43%
kann,
43%
bei
40%
nur
40%
zu
40%
deine
39%
sein
39%
mit
37%
auf,
36%
brauch,
36%
Frau,
35%
Frau
35%
alles,
34%
alles
34%
Alles,
34%
Gib
34%
auch
29%
nie
29%
Hier
28%
weisst
28%
Welt,
28%
Welt
28%
gibt
26%
gibt,
26%
immer
26%
kleine
26%
Danke
23%
Danke,
23%
danke,
23%
sagen,
23%
von
23%
liebst,
22%
werd
21%
zeig
21%
einzig
20%
hast
20%
noch
20%
einzige,
19%
Hand
19%
Hand,
19%
hat
19%
gefällt
18%
Komm
18%
glücklich
17%
keine
17%
wahren
17%
allein,
16%
bisschen
16%
halt
16%
hält
16%
Leben
16%
meinem
16%
sich
16%
ganz
15%
genau
15%
Jetzt
15%
machst
15%
nehm
15%
wollte
15%
Baby,
14%
kleines
14%
wieder
14%
weg
13%
Weg
13%
gehen
12%
Hey
12%
Hey,
12%
zählt
12%
baust
10%
Mut
10%
perfekt
10%
diesen
9%
anderen
7%
Prinzessin
7%
Junge
6%
lachst,
6%
Angst,
5%
Arsch
5%
hilfst,
5%
würd
5%
fest
4%
hättest
4%
Kriege,
4%
Regen
4%
yes
4%
Yes,
4%
zweit
4%
Biene
3%
erträumen
3%
Sonnenschein
3%
Tränen
3%
wunderschöne
3%
bunt,
2%
echt
2%
klug
2%
zahlen
2%
fallen
1%
geraubt
1%
grau,
1%
schaffst,
1%
Sinne
1%
bemalt
0%
Farbklecksen
0%
Krass,
0%
steckst
0%
tausenden
0%
verkack
0%

Verteilung der Resultate

Perzentil nach korrekt beantworteten Fragen

Anzahl Personen mit jedem Resultat

Ihre Resultats-Entwicklung

Sie haben dieses Quiz noch nicht gespielt